| 000 | 01361cam a22003735a 4500 | ||
|---|---|---|---|
| 003 | EG-ScBUE | ||
| 005 | 20220607100619.0 | ||
| 006 | m||||fq||h 00| 0 | ||
| 008 | 100202s2005 enka f 000 0 eng d | ||
| 020 | _a1405075252 (Workbook) | ||
| 020 | _a9781405075251 (Workbook) | ||
| 040 |
_aEG-ScBUE _beng _erda _cEG-ScBUE _dEG-ScBUE |
||
| 082 | 0 | 4 |
_a428.24076 _bKER _222 |
| 100 | 1 |
_aKerr, Philip, _d1959- _eauthor. _910862 |
|
| 245 | 1 | 0 |
_aStraight forward : _ppre-intermediate, _pWorkbook with key / _cPhilip Kerr, Matthew Jones. |
| 246 | 3 | 0 | _aWorkbook with key |
| 264 | 1 |
_aOxford : _bMacmillan Education, _c2005. |
|
| 300 |
_a96 pages : _billustrations ; _c29 cm + _e1 CD |
||
| 336 |
_2rdacontent _atext _btxt |
||
| 336 |
_2rdacontent _asounds _bsnd |
||
| 337 |
_2rdamedia _aunmediated _bn |
||
| 337 |
_2rdamedia _aaudio _bs |
||
| 338 |
_2rdacarrier _avolume _bnc |
||
| 338 |
_2rdacarrier _acomputer disc _bcd |
||
| 521 | _aLevel A2 and guides student into Level B1. | ||
| 650 | 7 |
_aEnglish language _vExaminations, questions, etc. _2BUEsh |
|
| 650 | 7 |
_aEnglish language _vExaminations _vStudy guides. _2BUEsh _93373 |
|
| 650 | 7 |
_aEnglish language _vProblems, exercises, etc. _2BUEsh _914307 |
|
| 651 | _2BUEsh | ||
| 653 |
_bHHUUEENN _cAugust2015 _cOctober2018 |
||
| 655 |
_vReading book _934232 |
||
| 700 | 1 |
_aJones, Matthew, _eauthor. _914647 |
|
| 942 |
_2ddc _cBB |
||
| 999 |
_c26879 _d26851 |
||